00353nam a2200145Ia 4500003000400000008004100004040001600045082001600061100001300077245003900090260003600129300000800165650001700173650001700190GCL140319s9999 xx 000 0 eng d aGCL / cGCL04a709.67bM A1 aMVENG, E10aL'ART D'AFRIQUE NOIRE / cMVENG, E a[S.N] : bPOINT OMEGA ، c1964 a15904aARTS, AFRICE04aAFRICA - ART